|
|
|
|
| LEADER |
00000nam0a2200000 4500 |
| 001 |
63642 |
| 005 |
20231031064447.0 |
| 035 |
|
|
|a (RuTPU)RU\TPU\book\67541
|
| 090 |
|
|
|a 63642
|
| 100 |
|
|
|a 20040519d1979 k y0rusy50 ca
|
| 101 |
0 |
|
|a rus
|
| 102 |
|
|
|a RU
|
| 105 |
|
|
|a a z 001zy
|
| 200 |
1 |
|
|a Обезвоживание и обессоливание нефтей
|f В. И. Логинов
|
| 210 |
|
|
|a Москва
|c Химия
|d 1979
|
| 215 |
|
|
|a 214 с.
|c ил.
|e табл.
|
| 320 |
|
|
|a Библиогр.: с. 206-210.
|
| 320 |
|
|
|a Предметный указатель: с. 211-214.
|
| 610 |
1 |
|
|a водонефтяные эмульсии
|
| 610 |
1 |
|
|a разделительные процессы
|
| 610 |
1 |
|
|a нефти
|
| 610 |
1 |
|
|a эмульсии
|
| 610 |
1 |
|
|a дробление
|
| 610 |
1 |
|
|a коалесценция капель
|
| 610 |
1 |
|
|a отстойные аппараты
|
| 610 |
1 |
|
|a применение
|
| 610 |
1 |
|
|a обессоливание
|
| 610 |
1 |
|
|a разрушение
|
| 675 |
|
|
|a 665.622.4
|v 3
|
| 700 |
|
1 |
|a Логинов
|b В. И.
|g Владимир Иванович
|
| 801 |
|
1 |
|a RU
|b 63413507
|c 20040519
|g PSBO
|
| 801 |
|
2 |
|a RU
|b 63413507
|c 20210109
|g PSBO
|
| 900 |
|
|
|a Сбор и подготовка продукции нефтяных скважин
|
| 942 |
|
|
|c BK
|